000 00756nam a22001817a 4500
999 _c196125
_d196125
005 20230705095557.0
010 _aB-753947-961 CHEN 25.5.23
020 _a9789390658855
_c549.00
035 _aB-753947-961
037 _bAne Books Pvt. Ltd.
082 _a591
245 _aAll in One:
_b(With Vocabulary Enrichment) /
260 _aNew Delhi
_bAne Books Pvt. Ltd.
_c202?
270 _a4821,Parwana Bhawan, 1st Floor, 24 Ansari Road, Darya Ganj
_bNew Delhi
_e110002
300 _a96p.
_bcol.ill
_c28cm(pbk)
942 _2ddc
_cCH
_mALL
_h591